The advanced fixed income and derivatives management guide /

Bibliographic Details
Main Author: Simozar, Saied, 1954- (Author)
Format: eBook
Language:English
Published: Chichester, England : Wiley, 2015.
Series:Wiley finance series.
Subjects:
Online Access:Click to View
LEADER 01889nam a2200469 i 4500
001 EBC1895916
003 MiAaPQ
005 20200520144314.0
006 m o d |
007 cr cnu||||||||
008 150513t20152015enka ob 001 0 eng d
020 |z 9781119014140 
020 |a 9781119014164  |q (electronic bk.) 
020 |a 9781119014171  |q (electronic bk.) 
035 |a (MiAaPQ)EBC1895916 
035 |a (Au-PeEL)EBL1895916 
035 |a (CaPaEBR)ebr11052395 
035 |a (CaONFJC)MIL785555 
035 |a (OCoLC)905600456 
040 |a MiAaPQ  |b eng  |e rda  |e pn  |c MiAaPQ  |d MiAaPQ 
050 4 |a HG4650  |b .S566 2015 
082 0 |a 332.63/2044  |2 23 
100 1 |a Simozar, Saied,  |d 1954-  |e author. 
245 1 4 |a The advanced fixed income and derivatives management guide /  |c Saied Simozar. 
264 1 |a Chichester, England :  |b Wiley,  |c 2015. 
264 4 |c 2015 
300 |a 1 online resource (365 pages) :  |b illustrations. 
336 |a text  |2 rdacontent 
337 |a computer  |2 rdamedia 
338 |a online resource  |2 rdacarrier 
490 1 |a Wiley Finance Series 
504 |a Includes bibliographical references and index. 
588 |a Description based on print version record. 
590 |a Electronic reproduction. Ann Arbor, MI : ProQuest, 2015. Available via World Wide Web. Access may be limited to ProQuest affiliated libraries. 
650 0 |a Fixed-income securities. 
650 0 |a Derivative securities. 
650 0 |a Portfoliio management. 
655 4 |a Electronic books. 
776 0 8 |i Print version:  |a Simozar, Saied, 1954-  |t Advanced fixed income and derivatives management guide.  |d Chichester, England : Wiley, c2015   |h xxxviii, 322 pages   |k Wiley finance series.  |z 9781119014140   |w 2015005043 
797 2 |a ProQuest (Firm) 
830 0 |a Wiley finance series. 
856 4 0 |u https://ebookcentral.proquest.com/lib/matrademy/detail.action?docID=1895916  |z Click to View